UBT Library

World studies: (Record no. 1383)

000 -LEADER
fixed length control field 00567nam a22001697a 4500
008 - FIXED-LENGTH DATA ELEMENTS--GENERAL INFORMATION
fixed length control field 151124b xxu||||| |||| 00| 0 eng d
020 ## - INTERNATIONAL STANDARD BOOK NUMBER
International Standard Book Number 0131307495
041 0# - LANGUAGE CODE
Language code of text/sound track or separate title eng
080 ## - UNIVERSAL DECIMAL CLASSIFICATION NUMBER
Universal Decimal Classification number 911.3:93
Item number (73)
245 10 - TITLE STATEMENT
Title World studies:
260 ## -
-- Florida:
-- Pearson;
-- 2005.
300 ## -
-- 226 f.:
-- me il.;
-- 24 cm.
650 #0 -
-- Gjeografi
-- Shtetet e Bashkuara të Amerikës dhe Kanada
650 #0 -
-- Histori
-- Shtetet e Bashkuara të Amerikës dhe Kanada
650 #0 -
-- Kulturë
-- Shtetet e Bashkuara të Amerikës dhe Kanada
942 ## - ADDED ENTRY ELEMENTS (KOHA)
Source of classification or shelving scheme
Item type Books
Holdings
Withdrawn status Lost status Source of classification or shelving scheme Damaged status Not for loan Collection code Permanent location Current location Shelving location Date acquired Total Checkouts Full call number Barcode Date last seen Koha item type Price effective from
          Koleksioni i përgjithshem UBT - Lipjan UBT - Lipjan Koleksioni i përgjithshem 11/24/2015   91 JAC 002-008685 09/07/2017 Books  
          Koleksioni i përgjithshem UBT - Lipjan UBT - Lipjan Koleksioni i përgjithshem 09/07/2017   91 JAC 002-2921271 09/07/2017 Books 09/07/2017
          Koleksioni i përgjithshem UBT - Lipjan UBT - Lipjan Koleksioni i përgjithshem 09/07/2017   91 JAC 002-2921276 09/07/2017 Books 09/07/2017
          Koleksioni i përgjithshem UBT - Lipjan UBT - Lipjan Koleksioni i përgjithshem 09/07/2017   91 JAC 002-2921281 09/07/2017 Books 09/07/2017
          Koleksioni i përgjithshem UBT - Lipjan UBT - Lipjan Koleksioni i përgjithshem 09/07/2017   91 JAC 002-2921286 09/07/2017 Books 09/07/2017
          Koleksioni i përgjithshem UBT - Lipjan UBT - Lipjan Koleksioni i përgjithshem 09/07/2017   91 JAC 002-2921291 09/08/2017 Books 09/07/2017
          Koleksioni i përgjithshem UBT - Lipjan UBT - Lipjan Koleksioni i përgjithshem 09/08/2017   91 JAC 002-2923665 09/08/2017 Books 09/08/2017
          Koleksioni i përgjithshem UBT - Lipjan UBT - Lipjan Koleksioni i përgjithshem 09/08/2017   91 JAC 002-2923660 09/08/2017 Books 09/08/2017
          Koleksioni i përgjithshem UBT - Lipjan UBT - Lipjan Koleksioni i përgjithshem 09/08/2017   91 JAC 002-2923655 09/08/2017 Books 09/08/2017
          Koleksioni i përgjithshem UBT - Lipjan UBT - Lipjan Koleksioni i përgjithshem 09/08/2017   91 JAC 002-2923650 09/08/2017 Books 09/08/2017
          Koleksioni i përgjithshem UBT - Lipjan UBT - Lipjan Koleksioni i përgjithshem 09/08/2017   91 JAC 002-2923645 09/08/2017 Books 09/08/2017
          Koleksioni i përgjithshem UBT - Lipjan UBT - Lipjan Koleksioni i përgjithshem 09/08/2017   91 JAC 002-2923640 09/08/2017 Books 09/08/2017
UBT Library © 2015-2024. All rights reserved University Education for Business and Technology